000 01162nam a22003617a 4500
001 000051892
003 CHAP
005 20220817042637.0
008 971013s r 00010 d
010 _a50829
011 _a51801
035 _a55951
040 _cCHAP
082 _a335.4
_bP5Y
100 1 _aPlejanov, Jorge.
_989165
245 0 _aCuestiones fundamentales del marxismo.
260 _aMéxico :
_bCultura Popular,
_c(s.a.).
300 _a188 p.
490 _aBiblioteca Marx-Engels
_v; 6
500 _aIncluye: La concepción materialista de la historia
590 _aBATCH-UPD
_b10
_c20130109
_lUCH01
_h2338
590 _aBATCH-UPD
_b10
_c20130110
_lUCH01
_h0754
590 _aBATCH-UPD
_b10
_c20180117
_lUCH01
_h0938
590 _aCONVERSION
_b10
_c20130109
_lUCH01
_h1328
590 _aE11695DGD
_b10
_c20180117
_lUCH01
_h0955
650 1 4 _aMarxismo.
_972728
830 0 _aBiblioteca Marx Engels
_v; 6
901 _aBK
942 _cLIBRO
942 _n0
949 _a335.4 P5Y
_bBC
_cLIBRO
_d33724000342317
_eLIBRO
_fc.2
_h44096
_i55951
_mD.Ing.Acosta
_si
_t28.00
949 _a335.4 P5Y
_bBC
_cLIBRO
_d33724000657763
_eLIBRO
_h44095
_i55951
_si
_t28.00
999 _c50829
_d50829